000
00263nam a2200109Ia 4500
008
190216s9999||||xx |||||||||||||| ||und||
100
_a
Madhavamenon C
245
0
_a
Kochunarthaki
260
_b
The Educational Supplies
650
_a
Malayalam Nadakam
942
_c
BK
999
_c
24137
_d
24137